Fixed income securities
| Main Author: | Fabozzi, Frank J |
|---|---|
| Published: |
New York:
John Wiley & Sons, Inc.,
2002.
|
| Subjects: |
| LEADER | 00568cam a2200169 7i4500 | ||
|---|---|---|---|
| 001 | 0000004246 | ||
| 005 | 20170218090000.0 | ||
| 020 | |a 0471218308 (hbk.) | ||
| 090 | 0 | 0 | |a HG4650 |b .F33 2002 |
| 100 | 1 | |a Fabozzi, Frank J | |
| 245 | 1 | 0 | |a Fixed income securities |c Frank J. Fabozzi. |
| 260 | |a New York: |b John Wiley & Sons, Inc., |c 2002. | ||
| 300 | |a xiii, 464 p.: |b ill.; |c 24 cm. | ||
| 504 | |a Includes bibliographical references and index | ||
| 650 | 0 | 0 | |a Fixed-income securities |
| 997 | |a Business & Accountancy, Faculty | ||
| 999 | |a 0000004528 |b BOK |c OPEN SHELF |e 1st Floor, Shah Alam | ||


